[Event "GER-chT U14"]
[Site "Arendsee"]
[Date "2009.12.28"]
[Round "3.1"]
[White "Adiyaman, Rene"]
[Black "Estedt, Jonathan"]
[Result "0-1"]
[WhiteElo "1636"]
[BlackElo "1788"]
[PlyCount "86"]
[EventDate "2009.12.27"]
[EventType "team-swiss"]
[EventRounds "7"]
[EventCountry "GER"]
[SourceTitle "EXT 2022"]
[Source "ChessBase"]
[SourceDate "2021.10.06"]
[SourceVersion "1"]
[SourceVersionDate "2021.10.06"]
[SourceQuality "1"]
[WhiteTeam "Welper SV U14"]
[BlackTeam "Hohentuebingen U14"]
[WhiteTeamCountry "GER"]
[BlackTeamCountry "GER"]

1. e4 c6 2. d4 d5 3. Nc3 dxe4 4. Nxe4 Nd7 5. Bc4 e6 6. Qe2 Ngf6 7. Nf3 Nxe4 8. Qxe4 Nf6 9. Qe2 c5 10. Be3 cxd4 11. Bxd4 Qa5+ 12. c3 a6 13. Rd1 Be7 14. 0-0 Qh5 15. Rfe1 b5 16. Bb3 0-0 17. Qe3 Bb7 18. Ne5 a5 19. Nxf7 Rxf7 20. Bxe6 Nd5 21. Qg3 Qg5 22. Bxf7+ Kxf7 23. Qf3+ Qf4 24. Qh5+ Kg8 25. Qe2 Bd6 26. Qe6+ Kh8 27. g3 Qf8 28. Qd7 Bc8 29. Bxg7+ Qxg7 30. Re8+ Bf8 31. Qxd5 Bb7 32. Qxb5 Rxe8 33. Qxe8 Qf6 34. Rd8 Kg8 35. Qe3 Qxd8 36. Qe2 Qd5 37. Qg4+ Bg7 38. Kf1 Qxa2 39. Qg5 Qb1+ 40. Ke2 Qxb2+ 41. Kf1 Qb1+ 42. Ke2 Qc2+ 43. Qd2 Bf3+ 0-1

[Event "GER-chT U14"]
[Site "Arendsee"]
[Date "2009.12.27"]
[Round "2.1"]
[White "Medvedovski, Michael"]
[Black "Estedt, Jonathan"]
[Result "1/2-1/2"]
[WhiteElo "1768"]
[BlackElo "1788"]
[PlyCount "37"]
[EventDate "2009.12.27"]
[EventType "team-swiss"]
[EventRounds "7"]
[EventCountry "GER"]
[SourceTitle "EXT 2022"]
[Source "ChessBase"]
[SourceDate "2021.10.06"]
[SourceVersion "1"]
[SourceVersionDate "2021.10.06"]
[SourceQuality "1"]
[WhiteTeam "Frankfurt TV U14"]
[BlackTeam "Hohentuebingen U14"]
[WhiteTeamCountry "GER"]
[BlackTeamCountry "GER"]

1. e4 c6 2. Nf3 d5 3. Nc3 dxe4 4. Nxe4 Nd7 5. d4 Ngf6 6. Nxf6+ Nxf6 7. Bd3 Bg4 8. c3 Qc7 9. Bg5 Nd5 10. Qe2 e6 11. 0-0 Nf4 12. Qe3 Nxd3 13. Qxd3 Bd6 14. h3 Bf5 15. Qe2 h6 16. Bd2 0-0-0 17. Rfe1 g5 18. Ne5 Rdg8 19. c4 1/2-1/2